书目信息 |
| 题名: |
读懂学生
|
|
| 作者: | 宋君 著 | |
| 分册: | ||
| 出版信息: | 郑州 大象出版社 2019.10 |
|
| 页数: | 292页 | |
| 开本: | 24cm | |
| 丛书名: | ||
| 单 册: | ||
| 中图分类: | G623.502 | |
| 科图分类: | ||
| 主题词: | 数学课--shu xue ke--教学研究 | |
| 电子资源: | ||
| ISBN: | 978-7-5711-0211-1 | |
| 000 | 00993nam0 2200229 450 | |
| 001 | 0109110017 | |
| 005 | 20201109110331.0 | |
| 010 | @a978-7-5711-0211-1@dCNY48.00 | |
| 100 | @a20200408d2019 em y0chiy50 ea | |
| 101 | 0 | @achi |
| 102 | @aCN@b410000 | |
| 105 | @ay z 000yy | |
| 106 | @ar | |
| 200 | 1 | @a读懂学生@Adu dong xue sheng@f宋君等著 |
| 210 | @a郑州@c大象出版社@d2019.10 | |
| 215 | @a292页@d24cm | |
| 330 | @a本书是“智慧数学”书系之一种。读懂学生是优秀教师走向卓越教师的有效途径,是教师突破专业发展瓶颈的有效方式,是教师提升教育教学质量的有效手段。关于读懂学生,作者自2009年就开始关注,从无意识的实践走向深度的思考,使自己智慧地成长。2017年,宋君中原名师工作室承担了省级名师、省级骨干教师培育工作,工作室将目光聚焦在——读懂学生,开始了研修之旅。本书真实记录了研修历程的成果,并开启了智慧的数学教学。 | |
| 606 | 0 | @a数学课@Ashu xue ke@x教学研究 |
| 690 | @aG623.502@v5 | |
| 701 | 0 | @a宋君@Asong jun@4著 |
| 801 | 0 | @aCN@bBJSZM@c20201103 |
| 905 | @b1263566-70@dG623.502@e1230@f5 | |
| 读懂学生/宋君等著.-郑州:大象出版社,2019.10 |
| 292页;24cm |
| ISBN 978-7-5711-0211-1:CNY48.00 |
| 本书是“智慧数学”书系之一种。读懂学生是优秀教师走向卓越教师的有效途径,是教师突破专业发展瓶颈的有效方式,是教师提升教育教学质量的有效手段。关于读懂学生,作者自2009年就开始关注,从无意识的实践走向深度的思考,使自己智慧地成长。2017年,宋君中原名师工作室承担了省级名师、省级骨干教师培育工作,工作室将目光聚焦在——读懂学生,开始了研修之旅。本书真实记录了研修历程的成果,并开启了智慧的数学教学。 |
| ● |
| 相关链接 |
|
|
|
|
正题名:读懂学生
索取号:G623.502/1230
 
预约/预借
| 序号 | 登录号 | 条形码 | 馆藏地/架位号 | 状态 | 备注 |
| 1 | 1263566 | 212635665 | 第一样本阅览室/ [索取号:G623.502/1230] | 在馆 | |
| 2 | 1263567 | 212635674 | 教育系资料室/ [索取号:G623.502/1230] | 在馆 | |
| 3 | 1263568 | 212635683 | 教育系资料室/ [索取号:G623.502/1230] | 在馆 | |
| 4 | 1263569 | 212635692 | 第四借阅区/ [索取号:G623.502/1230] | 在馆 | |
| 5 | 1263570 | 212635709 | 第四借阅区/ [索取号:G623.502/1230] | 在馆 |